000 01298nem a2200313 4500
001 ebr10002748
003 CaPaEBR
006 m u
007 cr cn|||||||||
008 101210s1997 xx a s 0 eng d
034 0 _aa
040 _aCaPaEBR
_cCaPaEBR
035 _a(OCoLC)704410807
050 1 4 _aE199
_b.F74 1997eb
050 1 4 _aG3700
_b.F74 1997eb
052 _a3700
245 0 4 _aThe French and Indian War, 1754-1763
_h[electronic resource].
246 3 _iTitle from title screen:
_aFrench and Indian War, 1754-1763-- North America, United States, Canada, Maine, New York, Pennsylvania, New Jersey, Virginia, West Virginia, New Hampshire, map
255 _aScale varies.
260 _a[S.l.] :
_bMaps.com,
_cc1997.
300 _a1 online resource (1 map)
533 _aElectronic reproduction.
_bPalo Alto, Calif. :
_cebrary,
_d2013.
_nAvailable via World Wide Web.
_nAccess may be limited to ebrary affiliated libraries.
651 0 _aUnited States
_xHistory
_yFrench and Indian War, 1754-1763
_vMaps.
651 0 _aUnited States
_vMaps.
655 7 _aElectronic books.
_2local
710 2 _aMaps.com (Firm)
710 2 _aebrary, Inc.
856 4 0 _uhttp://site.ebrary.com/lib/rucke/Doc?id=10002748
_zAn electronic book accessible through the World Wide Web; click to view
999 _c3082
_d3082